LEADER 01436nam 2200397 450 001 000011729 005 20050718115400.0 010 $a0-387-90683-5 100 $a20020924d1982----km-y0itay0103----ba 101 0 $aeng 102 $aUS 200 1 $aIntroduction to axiomatic set theory$fGaisi Takeuti, Wilson M. Zaring 205 $a2. ed. 210 $aNew York$aHeidelberg$aBerlin$cSpringer$dc1982 215 $aIX, 246 p.$cill.$d25 cm. 225 1 $aGraduate texts in mathematics$v1 606 $aInsiemi$xTeoria 676 $a511.32$v(20. ed.)$9Logica matematica. (Logica simbolica). Insiemi 691 $a03E30$9Mathematical logic and foundations. Set theory. Axiomatics of classical set theory and its fragments 700 1$aTakeuti,$bGaisi$050858 701 1$aZaring,$bWilson M.$050859 801 0$aIT$bUniversità della Basilicata - B.I.A.$gRICA$2unimarc 912 $a000011729 996 $aIntroduction to axiomatic set theory$979530 997 $aUNIBAS BAS $aMONSCI BAS $aMONOGR BAS $aSCIENZE CAT $aEXT002$b01$c20020924$lBAS01$h1318 CAT $c20050601$lBAS01$h1754 CAT $abatch$b01$c20050718$lBAS01$h1051 CAT $c20050718$lBAS01$h1110 CAT $c20050718$lBAS01$h1140 CAT $c20050718$lBAS01$h1154 FMT Z30 -1$lBAS01$LBAS01$mBOOK$1BASA2$APolo Tecnico-Scientifico$2GEN$BCollezione generale$3MAT$662754$5S62754$820020924$f51$FRiservati LEADER 00961nam a2200289 i 4500 001 991001017599707536 005 20020507181722.0 008 950301s1968 us ||| | eng 035 $ab10789613-39ule_inst 035 $aLE01305802$9ExL 040 $aDip.to Matematica$beng 082 0 $a517.355 084 $aAMS 43-01 084 $aAMS 43-XX 084 $aLC QA403 100 1 $aKatznelson, Yitzhak$048154 245 13$aAn introduction to harmonic analysis /$cYitzhak Katznelson 260 $aNew York :$cc1968 300 $axiv, 264 p. ;$c23 cm 500 $aBibliography: p. 261-262 650 4$aHarmonic analysis 907 $a.b10789613$b21-09-06$c28-06-02 912 $a991001017599707536 945 $aLE013 43-XX KAT11 (1968)$g1$i2013000023564$lle013$o-$pE0.00$q-$rl$s- $t0$u2$v0$w2$x0$y.i10890117$z28-06-02 996 $aIntroduction to harmonic analysis$985375 997 $aUNISALENTO 998 $ale013$b01-01-95$cm$da $e-$feng$gus $h3$i1